|
|
|
|
| LEADER |
00741nam a2200229Ia 4500 |
| 001 |
CTU_123914 |
| 008 |
210402s9999 xx 000 0 und d |
| 020 |
|
|
|c 128000
|
| 082 |
|
|
|a 428.0071
|
| 082 |
|
|
|b M894a
|
| 100 |
|
|
|a Blass, Laurie
|
| 245 |
|
0 |
|a Mosaic 2 :
|
| 245 |
|
0 |
|b Academic essay development writing
|
| 245 |
|
0 |
|c Laurie Blass, Meredith Pike-Baky
|
| 260 |
|
|
|a New York
|
| 260 |
|
|
|b McGraw-Hill
|
| 260 |
|
|
|c c2007
|
| 650 |
|
|
|a English language,English language
|
| 650 |
|
|
|x textbooks for foreign speakers,written english
|
| 904 |
|
|
|i Năm
|
| 910 |
|
|
|a H.Mai chuyển số PL về 428.0071 dùng cho cả bộ, mã hóa cutter theo tên sách
|
| 980 |
|
|
|a Trung tâm Học liệu Trường Đại học Cần Thơ
|